00629nam a2200193Ia 4500952013300000999001700133003000400150005001700154008004100171020001800212040000900230082001800239100003000257245004300287260004200330300000900372650001200381942004200393 00102ddc40708PHYSICSaMESbMEScPHYd2019-02-20g350.00l0o530.12 PRA/Qp35262r2019-02-20 00:00:00w2019-02-20yBKzGL11R3 c34394d34394OSt20200907101817.0190216s9999||||xx |||||||||||||| ||und|| a9788173716249 coclc a530.12bPRA/Q aPradhan, Trilochan 94454 0aQuantum Mechanics /cTrilochan Pradhan bUniversities Press,c2009.aHyderbad: a240p aPhysics cBK2ddch530.12iPRA/Qk530.12mPRA/Q